000 00588nam a2200241 a 4500
001 nice12345678
003 IN_TiNIC
005 20260116011407.0
008 050524s1962 alia grp 000 0 eng
020 _a
_c100
082 0 0 _a297.5
_bUMA
100 _aUmaruddin, M
245 _aEthical Philosophy of Al-Ghazali
260 _aAligarh
_bMuslim University
_c1962
300 _a280p
500 _aincludes index and biblioraphy
505 2 _aIndex
650 _aIslam-Moral Theology-Al Ghazali
700 1 _aUmaruddin, M
902 _bSRS
942 _cBK
999 _c1123
_d1123